000 01583cam a22004217a 4500
001 000092169
003 CHAP
005 20220329142838.0
008 040811d2004 mx a r 00110 spa d
010 _a88636
011 _a89608
035 _a100159
040 _cCHAP
090 _aTesis
100 0 0 _aMartínez Santiago, Zenaida.
_972516
245 1 0 _aProducción de caña de azúcar (Saccharum officinarum L.) en Cuechod, San Antonio, San Luis Potosí y mercadeo del piloncillo /
_c/por Zenaida Martínez Santiago.
260 _aChapingo, Méx. :
_bEl autor,
_c2004.
300 _a119 h. :
_bilus.
502 _aTesis (Ing. Agr. Esp. en Fitotecnia) -- UACH. Departamento de Fitotecnia
590 _aALEPH
_b10
_c20130110
_lUCH01
_h1500
590 _aBATCH-UPD
_b10
_c20130110
_lUCH01
_h0703
590 _aBATCH-UPD
_b10
_c20130410
_lUCH01
_h0348
590 _aBATCH-UPD
_b10
_c20130914
_lUCH01
_h0837
590 _aBATCH-UPD
_b10
_c20140324
_lUCH01
_h1446
590 _aBATCH-UPD
_b10
_c20141002
_lUCH01
_h0823
590 _aCONVERSION
_b10
_c20130109
_lUCH01
_h1349
590 _aE12093SGE
_b10
_c20130625
_lUCH01
_h0927
650 1 4 _aCaña de azúcar
_xCostos de producción.
_918592
650 1 4 _aCaña de azúcar
_xRendimiento.
_918643
650 1 4 _aPiloncillo
_xMercadeo.
_988080
856 _3Finding aid
_uhttp://10.13.5.2/tesis/100159.pdf
_zTeclea aquí
901 _aBK
905 _aAlejandra Carrasco M.
942 _cCD
942 _n0
949 _aTesis
_bBC
_cTES
_d1001591
_eTS1
_h42215
_i100159
_sb
949 _aTesis
_bBC
_cTES
_d33724000797494
_eTS2
_fc.2
_h42216
_i100159
_si
999 _c88636
_d88636